000
00249nam a22001097a 4500
008
180803b xxu||||| |||| 00| 0 eng d
082
_a
813.52
245
_a
The killing fields
_c
Ngor,H.S
260
_c
1984
300
_a
1
_f
Cassette
942
_2
ddc
_c
MX
999
_c
46749
_d
46749